Съчко (Запис номер 346238)
[ съкратено ]
| 000 -Лидер | |
|---|---|
| Контролно поле с фиксирана дължина | 01494nam a2200325 a 4500 |
| 003 - Код на организацията, давaща контролен номер | |
| Контролно поле | BLK |
| 005 - Дата и час на последна редакция | |
| Контролно поле | 20250729104709.0 |
| 008 - Елементи от данни с фиксирана дължина | |
| fixed length control field | 180411b bul|||||r ||||||| ||bul|| |
| 010 ## - Наследен системен номер | |
| LC control number | KNG00215718000 |
| 020 ## - Международен стандартен номер на книга ISBN | |
| Международен стандартен номер на книга ISBN | 978-619-186-497-3 |
| 040 ## - Източник на каталожния запис | |
| Идентификатор на билиотеката - собственик на записа | BLK |
| 041 ## - Код за език | |
| Код за езика на текст/звукозапис или на отделно заглавие | Български |
| Код за езика КДБФ | Български |
| 072 #7 - Код за тематичната категория | |
| Код организация | bullib |
| Код за тематична категория | Н85 |
| Текст | Детска художествена литература Н |
| 080 ## - УДК | |
| Текстов определител УДК | Английска литература |
| УДК код - определител по УДК | 821.111 |
| УДК определител | -93-1 |
| УДК - код + определител | 821.111-93-1 |
| 100 1# - Редна дума - Автор | |
| Автор | Доналдсън, Джулия |
| Авторска отговорност | първи автор |
| R(LIN) | 386662 |
| 139 ## - Редно поле | |
| Редна дума | Доналдсън, Джулия |
| Авторски знак | Дон - Д 77 |
| 245 10 - Сведения за заглавието | |
| Заглавие | Съчко |
| Редно поле (дума) | Джулия Доналдсън; ил. Аксел Шефлър; прев. в стихове Мария Донева. |
| 257 ## - Страна на издаване | |
| Страна на създаване/издаване | Великобритания |
| 260 ## - Област на издателските данни | |
| Място на издаване, разпространение и проч. | Пловдив |
| Име на издателя, разпространителя и проч. | Жанет 45 |
| Година на издаване | 2019 |
| 300 ## - Физическа характеристика | |
| Страници | 24 с. |
| Илюстрации и др. | с цв. ил. |
| Размери/Мащаб | 28 см |
| 380 ## - Жанр | |
| Жанр | Детска худож. лит. |
| 500 ## - Общи забележки | |
| Забележка | Ориг. загл.: Stickman / Julia Donaldson. - Възприетата форма на името на ил. Аксел Шефлър е Аксел Шефлер. - Пълната форма на името на прев. Мария Донева е Мария Донева Петрова. |
| 700 1# - Други автори (авторска отговорност) | |
| Лично име | Шефлър, Аксел |
| Автороска отговорност (Описва отношението между автора и произведението) | ил. |
| 9 (RLIN) | 143299 |
| 700 ## - Други автори (авторска отговорност) | |
| Лично име | Донева, Мария |
| Автороска отговорност (Описва отношението между автора и произведението) | прев. от англ. |
| 9 (RLIN) | 243036 |
| 856 4# - Електронен адрес и достъп | |
| Електронен формат | pdf - файл |
| Инструкция (цена за достъп) | 0.00 |
| Права за достъп | disable |
| 856 4# - Електронен адрес и достъп | |
| Електронен формат | pdf - файл |
| Инструкция (цена за достъп) | 0.00 |
| Права за достъп | disable |
| 999 ## - СИСТЕМНИ КОНТРОЛНИ НОМЕРА | |
| Koha biblionumber | 346238 |
| Koha biblioitemnumber | 346238 |
| 942 ## - АРТИКУЛИ | |
| Вид на библиотечния материал | Книги |
| Скрит в OPAC | Не |
| Koha issues (borrowed), all copies | 203 |
| Периодичен библиозапис | Да |
| 944 ## - СЪЗДАВАНЕ И РЕДАКЦИЯ на ЗАПИСА | |
| Дата на регистрацията/редакция | 2023-01-17 |
| Статус, дата на статуса | Бояна Костадинова |
| Служител, извършил регистрацията/редакцията | 30551 |
| 999 ## - СИСТЕМНИ КОНТРОЛНИ НОМЕРА | |
| Koha biblioitemnumber | 346238 |
| Код за отписване | Код за изгубен артикул | Източник на класификационната схема | Код за повреда | Код за отдаване | Артикулен № | Име на библиотеката - собственик | Име на библиотеката, в която се намира в момента | Статус (Текущо местоположение) | Дата на вписване в системата | Местоположение - отдел | Цена в лева | Систематично азбучна сигнатура | Баркод | Цена в евро | Служебен тип на артикула | Коз за рестрикции | Инвентарен номер |
|---|---|---|---|---|---|---|---|---|---|---|---|---|---|---|---|---|---|
| Не е изгубен | Universal Decimal Classification | Не е повреден | заемане за дома | 748677 | Регионална библиотека "Любен Каравелов" Русе | Регионална библиотека "Любен Каравелов" Русе | Детски отдел | 2019-11-04 | Детски отдел | 13.50 | ДХ 820/899/Д 77 | 120000837289 | 6.90 | Книги | |||
| Не е изгубен | Universal Decimal Classification | Не е повреден | заемане за дома | 748678 | Регионална библиотека "Любен Каравелов" Русе | Регионална библиотека "Любен Каравелов" Русе | Детски отдел | 2019-11-04 | Детски отдел | 13.50 | ДХ 820/899/Д 77 | 120000837288 | 6.90 | Книги | |||
| Не е изгубен | Universal Decimal Classification | Не е повреден | ползва се в читалня | 781169 | Регионална библиотека "Любен Каравелов" Русе | Регионална библиотека "Любен Каравелов" Русе | Хранилище | 2020-07-06 | Хранилище | 18.00 | Цб ІІ 25395 | 120000845158 | 9.20 | Книги | само за читалня | 120000845158 | |
| Не е изгубен | Universal Decimal Classification | Не е повреден | заемане за дома | 799643 | Регионална библиотека "Любен Каравелов" Русе | Регионална библиотека "Любен Каравелов" Русе | Детски отдел | 2020-09-17 | Детски отдел | 13.50 | 821-93/Д 77 Д | 120000847076 | 6.90 | Книги | без рестрикции | ||
| Не е изгубен | Universal Decimal Classification | Не е повреден | заемане за дома | 799644 | Регионална библиотека "Любен Каравелов" Русе | Регионална библиотека "Любен Каравелов" Русе | Детски отдел | 2020-09-17 | Детски отдел | 13.50 | 821-93/Д 77 Д | 120000847077 | 6.90 | Книги | без рестрикции | ||
| Не е изгубен | Universal Decimal Classification | Не е повреден | заемане за дома | 799645 | Регионална библиотека "Любен Каравелов" Русе | Регионална библиотека "Любен Каравелов" Русе | Детски отдел | 2020-09-17 | Детски отдел | 13.50 | 821-93/Д 77 Д | 120000847078 | 6.90 | Книги | без рестрикции |